Протокол семнадцатого Общаго Собрания акционерного золотопромышленного общества "Драга" в Красноярске 31 января-1 февраля 1916 г.

Dettagli Bibliografici
Enti autori: Драга (570), Собрание акционерного золотопромышленного общества "Драга"
Riassunto:Текст в русской дореформенной орфографии
Lingua:russo
Pubblicazione: Красноярск, [Б. и.], 1916
Soggetti:
Natura: MixedMaterials Libro
KOHA link:https://koha.lib.tpu.ru/cgi-bin/koha/opac-detail.pl?biblionumber=319037

MARC

LEADER 00000nam0a2200000 4500
001 319037
005 20240329152120.0
035 |a (RuTPU)RU\TPU\book\344542 
090 |a 319037 
100 |a 20160517d1916 m y0rusy50 ca 
101 0 |a rus 
102 |a RU 
105 |a y z 100zy 
181 0 |b  e  
182 0 |a n 
183 0 |a nc  |2 RDAcarrier 
200 1 |a Протокол семнадцатого Общаго Собрания акционерного золотопромышленного общества "Драга" в Красноярске 31 января-1 февраля 1916 г.  |f Драга 
210 |a Красноярск  |c [Б. и.]  |d 1916 
215 |a 54 с. 
283 |a volume 
300 |a Текст в русской дореформенной орфографии 
606 1 |a Золотодобывающая промышленность  |2 stltpush  |3 (RuTPU)RU\TPU\subj\11869  |9 38750 
606 1 |a Экономическая история  |y Россия  |y СССР  |2 stltpush  |3 (RuTPU)RU\TPU\subj\26579  |9 50474 
610 1 |a экономика 
610 1 |a золотые прииски 
610 1 |a разработка 
610 1 |a золотопромышленность 
610 1 |a драги 
610 1 |a акционерные общества 
610 1 |a собрания акционеров 
610 1 |a сметы 
610 1 |a финансы 
610 1 |a Сибирь 
675 |a 622.342(063)  |v 4 
686 |a У03(2)л0  |2 rubbk 
712 0 2 |a Драга  |c Акционерное золотопромышленное общество  |3 (RuTPU)RU\TPU\col\27619 
712 1 2 |a Собрание акционерного золотопромышленного общества "Драга"  |d 17  |e Красноярск  |f 1916  |4 570 
801 1 |a RU  |b 63413507  |c 20160517 
801 2 |a RU  |b 63413507  |c 20210128  |g RCR 
942 |c BK